[Event "VIE-chT"]
[Site "Ho Chi Minh City"]
[Date "2017.07.25"]
[Round "3.41"]
[White "Huynh, Quoc An"]
[Black "Dang, Ngoc Minh"]
[Result "1-0"]
[WhiteElo "2036"]
[BlackElo "2010"]
[PlyCount "157"]
[EventDate "2017.07.24"]
[EventType "team-swiss"]
[EventRounds "9"]
[EventCountry "VIE"]
[SourceTitle "EXT 2019"]
[Source "ChessBase"]
[SourceDate "2018.10.10"]
[SourceVersion "1"]
[SourceVersionDate "2018.10.10"]
[SourceQuality "1"]

1. e4 c6 2. d4 d5 3. Nc3 dxe4 4. Nxe4 Bf5 5. Ng3 Bg6 6. h4 h6 7. Nf3 Nd7 8. Bd3 Bxd3 9. Qxd3 Ngf6 10. Bd2 Qc7 11. 0-0-0 0-0-0 12. c4 e6 13. Bc3 Bd6 14. Ne4 Nxe4 15. Qxe4 Nf6 16. Qc2 c5 17. d5 Rhe8 18. Rhe1 exd5 19. Bxf6 gxf6 20. Rxe8 Rxe8 21. Rxd5 Kb8 22. Qd3 Re6 23. Qh7 b6 24. g3 Bf4+ 25. Kb1 Bd6 26. Qxh6 Qe7 27. Qd2 Kc7 28. Qc2 Re2 29. Qd3 Rxf2 30. h5 Qf8 31. h6 Qxh6 32. Nh4 f5 33. Rxf5 Rxf5 34. Qxf5 f6 35. Qd5 Bxg3 36. Nf5 Qg6 37. a3 Be5 38. Qe6 Qg2 39. Qf7+ Kc8 40. Qe8+ Kb7 41. Qd7+ Ka8 42. Qc8+ Bb8 43. Nd6 Qh1+ 44. Ka2 Qf3 45. a4 a5 46. Qa6+ Ba7 47. Qc8+ Bb8 48. Ne8 Qb7 49. Qxb7+ Kxb7 50. Nxf6 Bc7 51. Kb3 Kc6 52. Kc2 Kd6 53. Kd3 Bd8 54. Ng4 Ke6 55. Ke4 Bc7 56. Ne3 Be5 57. b3 Bc7 58. Nd5 Bd8 59. Nf4+ Kd6 60. Kf5 Bh4 61. Nd5 Bd8 62. Nc3 Bh4 63. Ne4+ Kd7 64. Ke5 Be7 65. Kd5 Bd8 66. Nc3 Bc7 67. Nb5 Bb8 68. Nc3 Bc7 69. Ne4 Bd8 70. Nf2 Bf6 71. Ng4 Bg7 72. Ne3 Bh6 73. Nf5 Bf8 74. Nh4 Be7 75. Ng6 Bd6 76. Nh8 Ke7 77. Kc6 Bg3 78. Kxb6 Kf6 79. Kxa5 1-0

[Event "VIE-ch"]
[Site "Bac Giang"]
[Date "2016.06.24"]
[Round "4"]
[White "Bui, Nhat Tan"]
[Black "Dang, Ngoc Minh"]
[Result "1-0"]
[WhiteElo "1660"]
[BlackElo "1923"]
[PlyCount "63"]
[EventDate "2016.06.22"]
[EventType "swiss"]
[EventRounds "9"]
[EventCountry "VIE"]
[SourceTitle "EXT 2017"]
[Source "ChessBase"]
[SourceDate "2016.10.25"]
[SourceVersion "1"]
[SourceVersionDate "2016.10.25"]
[SourceQuality "1"]

1. d4 Nf6 2. c4 g6 3. Nc3 Bg7 4. e4 d6 5. Nf3 0-0 6. Be2 Nbd7 7. Bg5 c5 8. 0-0 e5 9. dxe5 Nxe5 10. Nxe5 dxe5 11. Qc2 Be6 12. Rad1 Qb6 13. h3 h6 14. Be3 Qc6 15. Nd5 Rfe8 16. Bxh6 Bxd5 17. cxd5 Qd6 18. Be3 b6 19. a3 Rac8 20. Qc4 Bf8 21. Bd3 Nh7 22. f4 f6 23. fxe5 fxe5 24. Rf2 Rc7 25. Be2 Rd8 26. Rdf1 Ra8 27. Bg4 a6 28. Qe2 b5 29. Be6+ Kh8 30. Qg4 Rg7 31. Bh6 Raa7 32. Bxg7+ 1-0